00000000nam 2200000zi 4500
0019.941378
003CaOODSP
00520250123130251
006m     o  d f      
007cr mn|||||||||
008240801t20242024qucab   obs  f000 0 fre d
020 |a9780660730004
040 |aCaOODSP|bfre|erda|cCaOODSP
043 |an-cn---
045 |ay1y2
0861 |aCW66-1536/2024F-PDF
24500|aRapport sur la situation des aires protégées et de conservation 2016-2020.
250 |a[4e édition].
264 1|aGatineau (Québec) : |bEnvironnement et changement climatique Canada = Environment and Climate Change Canada, |c[2024]
264 4|c©2024
300 |a1 ressource en ligne (134 pages) : |billustrations en couleur, cartes en couleur
336 |atexte|btxt|2rdacontent/fre
337 |ainformatique|bc|2rdamedia/fre
338 |aressource en ligne|bcr|2rdacarrier/fre
500 |aPublié aussi en anglais sous le titre : Status report on protected and conserved areas 2016-2020.
500 |a« EC24038 » -- Page [2].
504 |aComprend des références bibliographiques.
520 |a« Ce Rapport sur la situation des aires protégées du Canada est le quatrième d'une série de rapports qui offrent un aperçu détaillé de l'étendue et de la croissance du réseau d'aires terrestres et marines protégées et de conservation du Canada. Le rapport fournit un point de référence pour évaluer les progrès et les tendances de la conservation par zone au Canada. Ce rapport est le quatrième de la série et couvre la période allant du 1er janvier 2016 au 31 décembre 2020. La précédente édition de ce rapport couvrait une période de quatre ans, soit du 1er janvier 2012 au 31 décembre 2015, et les deux premières éditions couvraient une période de six ans, allant du 1er janvier 2000 au 31 décembre 2005, et du 1er janvier 2006 au 31 décembre 2011, respectivement. Ce rapport résume les mesures mises en place par les gouvernements, les peuples autochtones, les fiducies foncières et d’autres acteurs pour protéger les écosystèmes importants, conserver la biodiversité, préserver les services fournis par les écosystèmes, planifier et gérer efficacement les aires, et améliorer la connectivité entre les aires de conservation. Le présent rapport porte sur le réseau d'aires protégées et de conservation du Canada dans son ensemble, à l'échelle fédérale, provinciale et territoriale » -- À propos du rapport, page 5.
650 6|aAires protégées|zCanada.
650 6|aAires protégées|zCanada|vStatistiques.
655 7|aStatistiques|2rvmgf
7101 |aCanada. |bEnvironnement et changement climatique Canada, |eorganisme de publication.
77508|tStatus report on protected and conserved areas 2016-2020.|w(CaOODSP)9.941377
795 |tRapport sur la situation des aires protégées du Canada 2012-2015 |w(CaOODSP)9.820961
85640|qPDF|s4.13 Mo|uhttps://publications.gc.ca/collections/collection_2025/eccc/cw66/CW66-1536-2024-fra.pdf
986 |aEC24038